| 000 | 00433nam a2200169 a 4500 | ||
|---|---|---|---|
| 001 | 3522 | ||
| 003 | CDMR | ||
| 005 | 20131023172000.0 | ||
| 008 | 130130s1971||||||||||||||||||||||||||||d | ||
| 040 |
_aCDMR _bcat _cCDMR |
||
| 100 | 1 |
_aZerilli-Marimo, Guido _92522 |
|
| 245 | 1 | 0 |
_aTelevisioni all'europea _cGuido Zerilli-Marimò |
| 260 |
_aRoma _c1971 _bDe Luca |
||
| 300 | _a398 p. | ||
| 650 | 0 | 4 |
_93711 _aTelevisió _zEuropa |
| 942 |
_cMON _2udc |
||
| 999 |
_c3522 _d3522 |
||